[Event "FBL 1"]
[Site "Deutschland"]
[Date "2010.02.20"]
[Round "6.6"]
[White "Hodova, Lucie"]
[Black "Kube, Hannelore"]
[Result "1-0"]
[WhiteElo "2112"]
[BlackElo "2001"]
[PlyCount "57"]
[EventDate "2009.11.07"]
[EventType "team"]
[EventCountry "GER"]
[WhiteTeam "SC Bad Königshofen 1957"]
[BlackTeam "SV Medizin Erfurt"]

1. e4 e5 2. Nf3 Nc6 3. Bb5 Bc5 4. O-O Nd4 5. Nxd4 Bxd4 6. c3 Bb6 7. d4 c6 8.
Ba4 exd4 9. cxd4 d5 10. exd5 Qxd5 11. Re1+ Ne7 12. Be3 O-O 13. Nc3 Qa5 14. Bb3
Nf5 15. Ne4 Nxe3 16. fxe3 Be6 17. Nd6 Bc7 18. Nxb7 Qg5 19. Nc5 Qh4 20. h3 Bxh3
21. gxh3 Qg3+ 22. Kf1 Qxh3+ 23. Ke2 Rfe8 24. Kd3 Bf4 25. Qd2 Rad8 26. Qf2 Rxd4+
27. Kxd4 Rd8+ 28. Kc3 Qh5 29. exf4 1-0

[Event "FBL 1"]
[Site "Deutschland"]
[Date "2010.02.20"]
[Round "6.1"]
[White "Kononenko, Tatiana"]
[Black "Ohme, Melanie"]
[Result "1/2-1/2"]
[WhiteElo "2377"]
[BlackElo "2310"]
[PlyCount "41"]
[EventDate "2009.11.07"]
[EventType "team"]
[EventCountry "GER"]
[WhiteTeam "USV Halle"]
[BlackTeam "SC Leipzig-Gohlis"]

1. d4 Nf6 2. c4 g6 3. Nc3 Bg7 4. e4 d6 5. Bd3 O-O 6. Nge2 Nc6 7. O-O e5 8. d5
Nd4 9. Rb1 c5 10. dxc6 bxc6 11. b4 d5 12. cxd5 cxd5 13. Bg5 dxe4 14. Bxe4 Rb8
15. Nd5 Bb7 16. Nxd4 exd4 17. Bxf6 Bxf6 18. Nxf6+ Qxf6 19. Bxb7 Rxb7 20. Qd3
Rfb8 21. b5 1/2-1/2

[Event "FBL 1"]
[Site "Deutschland"]
[Date "2010.02.20"]
[Round "6.2"]
[White "Beltz, Franziska"]
[Black "Madl, Ildiko"]
[Result "0-1"]
[WhiteElo "2132"]
[BlackElo "2390"]
[PlyCount "180"]
[EventDate "2009.11.07"]
[EventType "team"]
[EventCountry "GER"]
[WhiteTeam "SC Leipzig-Gohlis"]
[BlackTeam "USV Halle"]

1. e4 c5 2. Nf3 d6 3. d4 cxd4 4. Nxd4 Nf6 5. Nc3 Nc6 6. Bg5 e6 7. Qd2 a6 8.
O-O-O Bd7 9. f3 Be7 10. h4 Rc8 11. g4 h5 12. gxh5 Nxh5 13. Rg1 Nxd4 14. Qxd4
Rc6 15. Qf2 Nf6 16. Bd3 Qa5 17. Kb1 b5 18. Ne2 g6 19. Nd4 Rc8 20. f4 Qb6 21. e5
Nd5 22. Bxe7 Nxe7 23. exd6 Qxd6 24. f5 gxf5 25. Nf3 Qf4 26. Qe2 Nd5 27. Rg7 Kf8
28. Rdg1 Qh6 29. Ne5 Be8 30. Qg2 Rc7 31. Be2 Nf4 32. Rg8+ Rxg8 33. Qxg8+ Ke7
34. Bf3 Qxh4 35. Rh1 Qf6 36. Rh8 Kd6 37. Qxe8 Qxe5 38. Qd8+ Kc5 39. Rh1 Nd5 40.
Bxd5 exd5 41. a3 a5 42. Rd1 a4 43. Rd3 d4 44. c3 Qe1+ 45. Ka2 Qe6+ 46. Ka1 Rd7
47. Qc8+ Qc6 48. Qf8+ Kb6 49. Qb8+ Ka6 50. Rxd4 Rxd4 51. cxd4 Qc1+ 52. Ka2 Qc4+
53. Ka1 Qxd4 54. Qc8+ Kb6 55. Qxf5 f6 56. Qe6+ Kc5 57. Qc8+ Kd5 58. Qf5+ Qe5
59. Qd7+ Ke4 60. Qg4+ Ke3 61. Qg1+ Ke2 62. Qg2+ Kd3 63. Qf3+ Kd4 64. Qf2+ Kd5
65. Qf3+ Kd6 66. Qd3+ Ke6 67. Qd8 Qd5 68. Qe8+ Kd6 69. Qd8+ Ke5 70. Qe7+ Kf5
71. Qh7+ Kg4 72. Qg6+ Qg5 73. Qe4+ Qf4 74. Qe2+ Kg3 75. Qxb5 f5 76. Qc6 Qe4 77.
Qg6+ Kf2 78. Qb6+ Qe3 79. Qb5 Qc1+ 80. Ka2 Qc2 81. Qb6+ Kf3 82. Qb7+ Qe4 83.
Qb5 f4 84. Qf1+ Kg3 85. Qg1+ Qg2 86. Qe1+ Qf2 87. Qe5 Qe3 88. Qg5+ Kf2 89. Qh4+
Qg3 90. Qh1 Qg8+ 0-1

[Event "FBL 1"]
[Site "Deutschland"]
[Date "2010.02.20"]
[Round "6.3"]
[White "Lakos, Nikoletta"]
[Black "Ulms, Sandra"]
[Result "1/2-1/2"]
[WhiteElo "2292"]
[BlackElo "2127"]
[PlyCount "87"]
[EventDate "2009.11.07"]
[EventType "team"]
[EventCountry "GER"]
[WhiteTeam "USV Halle"]
[BlackTeam "SC Leipzig-Gohlis"]

1. e4 c5 2. Nf3 d6 3. Bc4 Nc6 4. c3 Nf6 5. d3 e6 6. Bb3 Be7 7. O-O O-O 8. Re1
b6 9. h3 Bb7 10. Nbd2 d5 11. e5 Nd7 12. d4 cxd4 13. cxd4 Re8 14. Nf1 f6 15.
exf6 Bxf6 16. N1h2 Na5 17. Ba4 Bc6 18. Bc2 Nf8 19. Ng4 Nc4 20. b3 Nd6 21. Nxf6+
Qxf6 22. Bg5 Qf7 23. Ne5 Qb7 24. Bd3 Bb5 25. Bxb5 Nxb5 26. Rc1 Rac8 27. Qf3
Nxd4 28. Qd3 Nf5 29. Bf4 Rxc1 30. Rxc1 Rc8 31. Rxc8 Qxc8 32. Nf3 Ng6 33. Bd2
Nd6 34. Ng5 Nf7 35. Nf3 Qd7 36. h4 Nge5 37. Nxe5 Nxe5 38. Qg3 Nc6 39. b4 b5 40.
h5 d4 41. h6 e5 42. hxg7 Qxg7 43. Qf3 Ne7 44. Qa8+ 1/2-1/2

[Event "FBL 1"]
[Site "Deutschland"]
[Date "2010.02.20"]
[Round "6.4"]
[White "Bielicki, Birke"]
[Black "Melamed, Tatiana"]
[Result "0-1"]
[WhiteElo "2192"]
[BlackElo "2312"]
[PlyCount "64"]
[EventDate "2009.11.07"]
[EventType "team"]
[EventCountry "GER"]
[WhiteTeam "SC Leipzig-Gohlis"]
[BlackTeam "USV Halle"]

1. d4 Nf6 2. c4 c5 3. d5 b5 4. cxb5 a6 5. e3 Bb7 6. Nc3 Qa5 7. Bd2 axb5 8. Bxb5
Qb6 9. Qb3 e6 10. e4 Nxe4 11. Nxe4 Bxd5 12. Qd3 Qb7 13. f3 c4 14. Bxc4 Bxc4 15.
Qxc4 d5 16. Qc2 dxe4 17. fxe4 Nc6 18. Ne2 Qb6 19. Rf1 Be7 20. Rf3 O-O 21. Be3
Nb4 22. Qb3 Qc7 23. Kf2 Qxh2 24. Ng3 Rfc8 25. Rh1 Rc2+ 26. Qxc2 Qxh1 27. Qd2
Qb1 28. a3 Rd8 29. Bd4 Nc6 30. Qf4 f6 31. Bc3 Bc5+ 32. Ke2 Qd1# 0-1

[Event "FBL 1"]
[Site "Deutschland"]
[Date "2010.02.20"]
[Round "6.5"]
[White "Sharevich, Anna"]
[Black "Beltz, Carmen"]
[Result "1-0"]
[WhiteElo "2252"]
[BlackElo "1979"]
[PlyCount "57"]
[EventDate "2009.11.07"]
[EventType "team"]
[EventCountry "GER"]
[WhiteTeam "USV Halle"]
[BlackTeam "SC Leipzig-Gohlis"]

1. d4 Nf6 2. c4 c5 3. d5 b5 4. cxb5 a6 5. b6 d6 6. Nc3 g6 7. Nf3 Bg7 8. e4 Nbd7
9. Be2 O-O 10. O-O Nxb6 11. Bf4 Bg4 12. a4 Bxf3 13. Bxf3 Qc7 14. Rc1 Rab8 15.
b3 Rfc8 16. Be2 Qb7 17. Be3 Nbd7 18. Rb1 Qb4 19. Qc2 Qa5 20. Bd2 Qb6 21. Nd1
Rc7 22. Ne3 Qa7 23. Nc4 Nb6 24. Na5 Rbc8 25. Nc6 Qb7 26. b4 Rxc6 27. dxc6 Rxc6
28. bxc5 Rxc5 29. Qb3 1-0

[Event "FBL 1"]
[Site "Deutschland"]
[Date "2010.02.20"]
[Round "6.6"]
[White "Petri, Birgit"]
[Black "Straub, Natalia"]
[Result "0-1"]
[WhiteElo "2089"]
[BlackElo "2225"]
[PlyCount "150"]
[EventDate "2009.11.07"]
[EventType "team"]
[EventCountry "GER"]
[WhiteTeam "SC Leipzig-Gohlis"]
[BlackTeam "USV Halle"]

1. e4 e6 2. d4 d5 3. Nd2 c5 4. exd5 Qxd5 5. Ngf3 cxd4 6. Bc4 Qd6 7. O-O Nf6 8.
Qe2 Nc6 9. Rd1 Be7 10. Nb3 e5 11. h3 O-O 12. c3 a6 13. cxd4 e4 14. Ne5 Nxe5 15.
dxe5 Qxe5 16. f4 Qb8 17. Nd4 b5 18. Bb3 Bc5 19. Kh1 Qb6 20. Be3 Bb7 21. Nf5
Bxe3 22. Nxe3 Rfd8 23. Nf5 Rxd1+ 24. Rxd1 Rd8 25. Rc1 h6 26. Qe1 Ne8 27. Qg3
Qf6 28. Qg4 Kh7 29. Ne3 g6 30. Rf1 Ng7 31. Rc1 h5 32. Qg3 Rc8 33. Rd1 Nf5 34.
Nxf5 Qxf5 35. Rd6 Rc6 36. Rd8 Rc8 37. Rd1 Rc7 38. Qe3 Rd7 39. Rf1 Rd3 40. Qb6
Rd7 41. Kg1 Kg7 42. a4 Qf6 43. Qf2 Rd3 44. Bd1 e3 45. Qg3 Qd4 46. Be2 Rd2 47.
Re1 Be4 48. axb5 axb5 49. f5 Bxf5 50. Bxh5 Rxb2 51. Bf3 b4 52. Kh2 b3 53. Bc6
e2 54. Bb5 Rb1 55. Rxb1 Bxb1 56. Bxe2 b2 57. Bc4 Qxc4 58. Qe5+ Kh7 59. Qxb2 Be4
60. Qf6 Qe6 61. Qf4 Qf5 62. Qg3 Qf6 63. Qe3 Bd5 64. Qg3 Kg7 65. Qe3 Bb7 66. Qg3
Qc6 67. Qe5+ Kf8 68. Qg3 Qxg2+ 69. Qxg2 Bxg2 70. Kxg2 Ke7 71. Kf3 Kf6 72. h4
Kf5 73. Kg3 Ke4 74. Kg4 f6 75. Kg3 f5 0-1

[Event "FBL 1"]
[Site "Deutschland"]
[Date "2010.02.21"]
[Round "7.1"]
[White "Socko, Monika"]
[Black "Cmilyte, Viktorija"]
[Result "1-0"]
[WhiteElo "2468"]
[BlackElo "2476"]
[PlyCount "129"]
[EventDate "2009.11.07"]
[EventType "team"]
[EventCountry "GER"]
[WhiteTeam "Hamburger SK von 1830"]
[BlackTeam "OSG - SG Baden-Baden 1922"]

1. d4 f5 2. g3 Nf6 3. Bg2 e6 4. Nf3 d5 5. O-O Bd6 6. c4 c6 7. Bf4 Bxf4 8. gxf4
Nbd7 9. Nbd2 O-O 10. e3 b6 11. cxd5 cxd5 12. Qa4 Bb7 13. Ng5 Re8 14. Rac1 h6
15. Ngf3 Ne4 16. Rc2 Ndf6 17. Nxe4 dxe4 18. Ne5 Nd5 19. Kh1 Kh7 20. Rg1 Rg8 21.
Bf1 g6 22. Bb5 Rg7 23. Bc6 Bxc6 24. Rxc6 Qe7 25. Qc4 Rag8 26. Rc8 Qb7 27. Rxg8
Rxg8 28. a3 Rg7 29. Qb5 Qc8 30. Qe2 Nf6 31. Qd2 Nd5 32. Rc1 Rc7 33. Rxc7+ Qxc7
34. Qd1 b5 35. Kg2 Kg7 36. Qe2 a6 37. a4 Qb7 38. axb5 Qxb5 39. Qc2 g5 40. fxg5
hxg5 41. h3 Qb7 42. Qa4 Qb5 43. Qc2 Qb7 44. Kg1 Qc7 45. Qe2 f4 46. Kh2 fxe3 47.
fxe3 Qc1 48. Ng4 Nf6 49. Ne5 a5 50. Qf2 a4 51. Kg2 Qd1 52. h4 gxh4 53. Qxh4
Qe2+ 54. Qf2 Qxf2+ 55. Kxf2 Nd5 56. Nd7 Nb4 57. Nc5 Kf6 58. Nxe4+ Kf5 59. Nc5
e5 60. e4+ Kf4 61. d5 Nc2 62. Ke2 a3 63. bxa3 Nxa3 64. d6 Nb5 65. Ne6+ 1-0

[Event "FBL 1"]
[Site "Deutschland"]
[Date "2010.02.21"]
[Round "7.2"]
[White "Zatonskih, Anna"]
[Black "Michna, Marta"]
[Result "1/2-1/2"]
[WhiteElo "2466"]
[BlackElo "2366"]
[PlyCount "74"]
[EventDate "2009.11.07"]
[EventType "team"]
[EventCountry "GER"]
[WhiteTeam "OSG - SG Baden-Baden 1922"]
[BlackTeam "Hamburger SK von 1830"]

1. d4 d6 2. e4 Nf6 3. f3 d5 4. e5 Nfd7 5. f4 e6 6. Nf3 c5 7. c3 Nc6 8. Be2 a6
9. O-O b5 10. Kh1 Qb6 11. Be3 b4 12. c4 cxd4 13. Bg1 dxc4 14. Nbd2 Na5 15. Bxc4
Bb7 16. Bd3 Nc5 17. Bxd4 Rd8 18. Qe2 Nc6 19. Bxc5 Bxc5 20. Rac1 Be7 21. Ne4 Qa7
22. Nfg5 Bxg5 23. fxg5 O-O 24. Nd6 Nd4 25. Qf2 Bd5 26. Rcd1 Nc6 27. Qh4 g6 28.
Qf4 Qe7 29. Bxa6 Nxe5 30. Qxe5 Qxd6 31. Qxd6 Rxd6 32. Bc4 Rfd8 33. Bxd5 Rxd5
34. Rxd5 Rxd5 35. h4 Rd4 36. g3 Rd2 37. b3 e5 1/2-1/2

[Event "FBL 1"]
[Site "Deutschland"]
[Date "2010.02.21"]
[Round "7.4"]
[White "Borulya, Ekaterina Uriivna"]
[Black "Gasik, Anna"]
[Result "1/2-1/2"]
[WhiteElo "2296"]
[BlackElo "2189"]
[PlyCount "93"]
[EventDate "2009.11.07"]
[EventType "team"]
[EventCountry "GER"]
[WhiteTeam "OSG - SG Baden-Baden 1922"]
[BlackTeam "Hamburger SK von 1830"]

1. e4 c6 2. c4 d5 3. exd5 cxd5 4. d4 Nf6 5. Nf3 Nc6 6. Be2 Bg4 7. Be3 e6 8. O-O
Be7 9. Ne5 Bxe2 10. Qxe2 Rc8 11. Nxc6 bxc6 12. c5 O-O 13. Nc3 Ne4 14. Na4 Qa5
15. Qc2 Qc7 16. f3 Nf6 17. Bf2 Nh5 18. Rfe1 Bf6 19. g3 g6 20. f4 Bg7 21. b4
Rfe8 22. Nc3 f5 23. b5 Nf6 24. Rab1 Rb8 25. Qa4 cxb5 26. Rxb5 Ne4 27. Nxe4 dxe4
28. Reb1 Qc6 29. Qb3 Rbd8 30. Rd1 Rd7 31. a4 Kf7 32. Rb4 Red8 33. Qc4 Bf8 34.
Rdb1 Bg7 35. Qb5 Rc8 36. Qxc6 Rxc6 37. Rb7 Ke7 38. Kf1 Rcc7 39. Rxc7 Rxc7 40.
Ke2 Kd7 41. a5 Kc6 42. a6 Bf6 43. Kd2 Kd5 44. Rb4 Rc6 45. Ra4 Rc8 46. Rb4 Rc6
47. Ra4 1/2-1/2

[Event "FBL 1"]
[Site "Deutschland"]
[Date "2010.02.21"]
[Round "7.5"]
[White "Hegeler, Anja"]
[Black "Klink, Tamara"]
[Result "1/2-1/2"]
[WhiteElo "2181"]
[BlackElo "2289"]
[PlyCount "72"]
[EventDate "2009.11.07"]
[EventType "team"]
[EventCountry "GER"]
[WhiteTeam "Hamburger SK von 1830"]
[BlackTeam "OSG - SG Baden-Baden 1922"]

1. e4 c5 2. Nf3 Nc6 3. d4 cxd4 4. Nxd4 Nf6 5. Nc3 e5 6. Ndb5 d6 7. Bg5 a6 8.
Na3 b5 9. Nd5 Be7 10. Bxf6 Bxf6 11. c3 O-O 12. Nc2 Bg5 13. a4 bxa4 14. Rxa4 a5
15. Bc4 Rb8 16. b3 Kh8 17. Nce3 g6 18. O-O f5 19. exf5 gxf5 20. Qh5 Bd7 21. Kh1
Be8 22. Qh3 e4 23. f4 exf3 24. gxf3 Ne5 25. Raa1 Nxc4 26. Nxc4 Rxb3 27. Rxa5
Bb5 28. Ra7 h6 29. Ndb6 Bxc4 30. Nxc4 Rxc3 31. Re1 Rxc4 32. Ree7 Rc1+ 33. Kg2
Rc2+ 34. Kf1 Rc1+ 35. Kg2 Rc2+ 36. Kf1 Rc1+ 1/2-1/2

[Event "FBL 1"]
[Site "Deutschland"]
[Date "2010.02.21"]
[Round "7.1"]
[White "Markgraf, Claudia"]
[Black "Heinatz, Gundula"]
[Result "0-1"]
[WhiteElo "2040"]
[BlackElo "2232"]
[PlyCount "56"]
[EventDate "2009.11.07"]
[EventType "team"]
[EventCountry "GER"]
[WhiteTeam "SK Lehrte"]
[BlackTeam "Karlsruher SF 1853"]

1. e4 c5 2. c3 Nf6 3. e5 Nd5 4. d4 cxd4 5. Nf3 Nc6 6. cxd4 e6 7. Bc4 d6 8. O-O
Be7 9. Re1 O-O 10. Nbd2 dxe5 11. dxe5 Nf4 12. Qc2 Ng6 13. Qe4 Rb8 14. Nb3 b5
15. Bxe6 Bxe6 16. Qxc6 Bd5 17. Qc3 Rc8 18. Qe3 Qc7 19. Nfd4 Qb7 20. Qh3 Bb4 21.
Re2 Rfe8 22. a3 Bf8 23. Qg3 Bc4 24. Re1 b4 25. Na5 Qd5 26. Nxc4 Qxd4 27. Ne3
Rxe5 28. Rd1 Qxd1+ 0-1

[Event "FBL 1"]
[Site "Deutschland"]
[Date "2010.02.21"]
[Round "7.2"]
[White "Jelica, Mara"]
[Black "Zschischang, Marine"]
[Result "1-0"]
[WhiteElo "2231"]
[BlackElo "2089"]
[PlyCount "53"]
[EventDate "2009.11.07"]
[EventType "team"]
[EventCountry "GER"]
[WhiteTeam "Karlsruher SF 1853"]
[BlackTeam "SK Lehrte"]

1. e4 e6 2. d4 d5 3. Nd2 c5 4. Ngf3 cxd4 5. exd5 Qxd5 6. Bc4 Qd6 7. O-O Nf6 8.
Nb3 Nc6 9. Nbxd4 Nxd4 10. Nxd4 a6 11. a4 Qc7 12. b3 Bd7 13. Bb2 Bd6 14. h3 h5
15. Qf3 Bh2+ 16. Kh1 Be5 17. Rae1 Ng4 18. Nxe6 Bxe6 19. Bxe6 fxe6 20. Bxe5 Nxe5
21. Qf4 Qxc2 22. Qxe5 Qxb3 23. Qxg7 O-O-O 24. Qe5 b5 25. axb5 axb5 26. Rc1+ Kb7
27. Qc7+ 1-0

[Event "FBL 1"]
[Site "Deutschland"]
[Date "2010.02.21"]
[Round "7.3"]
[White "Laake, Jasmin"]
[Black "Kiefhaber, Veronika"]
[Result "1-0"]
[WhiteElo "2072"]
[BlackElo "2244"]
[PlyCount "65"]
[EventDate "2009.11.07"]
[EventType "team"]
[EventCountry "GER"]
[WhiteTeam "SK Lehrte"]
[BlackTeam "Karlsruher SF 1853"]

1. e4 d6 2. d4 Nf6 3. Nc3 g6 4. f4 Bg7 5. Nf3 O-O 6. Be2 Nc6 7. O-O e5 8. fxe5
dxe5 9. d5 Ne7 10. Bg5 Ne8 11. Qd2 Nd6 12. Bh6 f6 13. Rad1 Bd7 14. h4 Nec8 15.
Bxg7 Kxg7 16. Qe1 Qe7 17. Qg3 Nb6 18. h5 Rae8 19. hxg6 h6 20. Bd3 Nbc4 21. Bxc4
Nxc4 22. Nh4 b6 23. Qf2 Nxb2 24. d6 cxd6 25. Nd5 Nxd1 26. Rxd1 Qd8 27. Ne3 f5
28. Rxd6 f4 29. Nef5+ Kg8 30. Nxh6+ Kg7 31. N4f5+ Rxf5 32. Nxf5+ Kg8 33. Qd2
1-0

[Event "FBL 1"]
[Site "Deutschland"]
[Date "2010.02.21"]
[Round "7.4"]
[White "Nill, Jessica"]
[Black "Schulze, Dorothee"]
[Result "1-0"]
[WhiteElo "2237"]
[BlackElo "1980"]
[PlyCount "61"]
[EventDate "2009.11.07"]
[EventType "team"]
[EventCountry "GER"]
[WhiteTeam "Karlsruher SF 1853"]
[BlackTeam "SK Lehrte"]

1. d4 Nf6 2. Nf3 g6 3. c4 Bg7 4. Nc3 O-O 5. e4 d6 6. Be2 Na6 7. O-O c5 8. d5
Rb8 9. h3 Nc7 10. a4 a6 11. a5 b5 12. axb6 Rxb6 13. Qc2 Nd7 14. Bf4 f5 15. exf5
Rxf5 16. Bg3 Ne5 17. Nh4 Rf7 18. f4 Nd7 19. f5 gxf5 20. Nxf5 Nf6 21. Bd3 Nce8
22. Bh4 e6 23. Nxg7 Kxg7 24. Bxh7 Rxb2 25. Qxb2 Kxh7 26. Ne4 Kg6 27. Ra3 e5 28.
Rg3+ Kh5 29. Bxf6 Nxf6 30. Qe2+ Kh6 31. Qe3+ 1-0

[Event "FBL 1"]
[Site "Deutschland"]
[Date "2010.02.21"]
[Round "7.5"]
[White "Saal, Hilkka"]
[Black "Mira, Helene"]
[Result "0-1"]
[WhiteElo "1695"]
[BlackElo "2125"]
[PlyCount "94"]
[EventDate "2009.11.07"]
[EventType "team"]
[EventCountry "GER"]
[WhiteTeam "SK Lehrte"]
[BlackTeam "Karlsruher SF 1853"]

1. e4 g6 2. d4 c6 3. Nf3 d5 4. e5 Bg7 5. c3 f6 6. Bf4 Nh6 7. Bd3 Nf7 8. Qc2 Na6
9. h4 f5 10. h5 Nc7 11. hxg6 hxg6 12. Rxh8+ Bxh8 13. g4 Ne6 14. Qd2 fxg4 15.
Ng5 Nexg5 16. Bxg5 Bf5 17. Bxf5 gxf5 18. Na3 Qd7 19. O-O-O O-O-O 20. e6 Qxe6
21. Re1 Qg6 22. Bxe7 Re8 23. Bb4 Rxe1+ 24. Qxe1 Qg5+ 25. Kb1 Kd7 26. Nc2 f4 27.
Qe2 Bf6 28. c4 g3 29. fxg3 fxg3 30. Ne1 Qf5+ 31. Ka1 dxc4 32. Qxc4 Qd5 33. Qf1
Qxd4 34. Qf5+ Kd8 35. Bc3 Qd1+ 36. Qb1 Qxb1+ 37. Kxb1 Bxc3 38. bxc3 Ng5 39. Kc2
Kd7 40. Kd3 Kd6 41. Ke3 Kc5 42. Kd3 Nh3 43. Ng2 Kd5 44. a3 b5 45. Kd2 Ke4 46.
Ke1 Nf4 47. Nh4 Kd3 0-1

[Event "FBL 1"]
[Site "Deutschland"]
[Date "2010.02.21"]
[Round "7.6"]
[White "Heinatz, Maria"]
[Black "Michalek, Barbara"]
[Result "1/2-1/2"]
[WhiteElo "1917"]
[BlackElo "1963"]
[PlyCount "84"]
[EventDate "2009.11.07"]
[EventType "team"]
[EventCountry "GER"]
[WhiteTeam "Karlsruher SF 1853"]
[BlackTeam "SK Lehrte"]

1. e4 c5 2. Nf3 Nc6 3. d4 cxd4 4. Nxd4 d6 5. c4 Nf6 6. Nc3 g6 7. Nc2 Bg7 8. Be2
a6 9. O-O O-O 10. Be3 Ne5 11. Qd2 Qc7 12. b3 Neg4 13. Bf4 Nh5 14. Bg5 Bxc3 15.
Qxc3 f6 16. Bd2 f5 17. h3 Ngf6 18. exf5 gxf5 19. Bh6 Ng7 20. Ne3 e5 21. Qd3 e4
22. Qd2 Be6 23. Rfd1 Rfd8 24. Rac1 Qf7 25. Nd5 Bxd5 26. cxd5 Nge8 27. Rc3 Rd7
28. a4 Kh8 29. Bf4 h5 30. Qd4 Kh7 31. Bg5 Ng8 32. f3 Qg6 33. h4 Ngf6 34. Rdc1
Qf7 35. Rc8 Rxc8 36. Rxc8 Re7 37. Rd8 exf3 38. Bxf3 Re1+ 39. Kh2 Ng4+ 40. Bxg4
hxg4 41. Bf4 Qe7 42. Bg5 Qf7 1/2-1/2

[Event "FBL 1"]
[Site "Deutschland"]
[Date "2010.02.21"]
[Round "7.1"]
[White "Pokorna, Regina"]
[Black "Mueller Ludwig, Kristin"]
[Result "1-0"]
[WhiteElo "2382"]
[BlackElo "2151"]
[PlyCount "113"]
[EventDate "2009.11.07"]
[EventType "team"]
[EventCountry "GER"]
[WhiteTeam "Rodewischer Schachmiezen"]
[BlackTeam "SV Medizin Erfurt"]

1. e4 e6 2. d4 d5 3. Nd2 dxe4 4. Nxe4 Nd7 5. g3 Ngf6 6. Nxf6+ Nxf6 7. Bg2 c5 8.
Nf3 Bd6 9. dxc5 Qa5+ 10. c3 Qxc5 11. O-O O-O 12. Be3 Qc7 13. Nd4 a6 14. Bg5 Be7
15. Re1 Rd8 16. Qe2 Nd5 17. Bxe7 Nxe7 18. Qe5 Qxe5 19. Rxe5 Rb8 20. Rc5 Kf8 21.
f4 Rd6 22. Re1 Bd7 23. Rc7 Nd5 24. Bxd5 Rxd5 25. Re4 Ke8 26. Re5 Rd6 27. Re2
Kd8 28. Rc5 f6 29. Kf2 Rc8 30. Rxc8+ Bxc8 31. a4 b6 32. Ke3 Bb7 33. Kd3 Ke7 34.
c4 g6 35. Kc3 Ba8 36. b4 Kf7 37. c5 bxc5 38. bxc5 Rd5 39. Nxe6 Bc6 40. Kc4 Rd1
41. Nd4 Bxa4 42. c6 Rxd4+ 43. Kxd4 Bxc6 44. Kc5 Bb5 45. Re1 h5 46. Kd6 Bc4 47.
Re7+ Kf8 48. Ra7 Bb3 49. Rxa6 Kf7 50. Ra7+ Kf8 51. Rc7 Ba2 52. h3 Bb3 53. Rc3
Ba2 54. Rc8+ Kf7 55. Rh8 Bc4 56. f5 Bf1 57. Rh7+ 1-0

[Event "FBL 1"]
[Site "Deutschland"]
[Date "2010.02.21"]
[Round "7.2"]
[White "Troyke, Doreen"]
[Black "Rudolf, Anna"]
[Result "1/2-1/2"]
[WhiteElo "2105"]
[BlackElo "2295"]
[PlyCount "89"]
[EventDate "2009.11.07"]
[EventType "team"]
[EventCountry "GER"]
[WhiteTeam "SV Medizin Erfurt"]
[BlackTeam "Rodewischer Schachmiezen"]

1. c4 e5 2. g3 Nf6 3. Bg2 d5 4. cxd5 Nxd5 5. Nc3 Nb6 6. Nf3 Nc6 7. O-O Be7 8.
d3 O-O 9. a3 Be6 10. b4 f6 11. Bb2 a5 12. b5 Nd4 13. Nxd4 exd4 14. Na4 Qd7 15.
Rb1 Rab8 16. Qc2 Qxb5 17. Nxb6 Qxb6 18. Ba1 Qc5 19. Qxc5 Bxc5 20. Bxb7 Rfd8 21.
Rfc1 Bxa3 22. Rxc7 Kf8 23. Rb6 Bd5 24. Bb2 Bb4 25. h4 h5 26. f3 Be7 27. g4 hxg4
28. fxg4 a4 29. g5 fxg5 30. hxg5 Bxb7 31. Rbxb7 Rxb7 32. Rxb7 a3 33. Ba1 Bxg5
34. Ra7 Bc1 35. Kg2 g6 36. Kf3 Rd6 37. Ke4 Re6+ 38. Kd5 Re7 39. Ra8+ Kf7 40.
Bxd4 Rxe2 41. Ra7+ Re7 42. Ra6 Bb2 43. Bc5 Rd7+ 44. Ke4 g5 45. Bxa3 1/2-1/2

[Event "FBL 1"]
[Site "Deutschland"]
[Date "2010.02.21"]
[Round "7.3"]
[White "Steinbacher, Claudia"]
[Black "Hannes, Diana"]
[Result "1/2-1/2"]
[WhiteElo "2158"]
[BlackElo "2115"]
[PlyCount "89"]
[EventDate "2009.11.07"]
[EventType "team"]
[EventCountry "GER"]
[WhiteTeam "Rodewischer Schachmiezen"]
[BlackTeam "SV Medizin Erfurt"]

1. d4 Nf6 2. c4 e6 3. Nc3 d5 4. Bf4 Be7 5. e3 O-O 6. h3 c6 7. Nf3 b6 8. Bd3 Ba6
9. Qe2 Nbd7 10. O-O Bxc4 11. Bxc4 dxc4 12. Qxc4 c5 13. dxc5 Nxc5 14. Rfd1 Qc8
15. Rac1 Rd8 16. Qe2 Qa6 17. Rxd8+ Rxd8 18. Qxa6 Nxa6 19. Nb5 Ra8 20. Nfd4 Nb4
21. Nc6 Nxc6 22. Rxc6 Nd5 23. Nc7 Nxc7 24. Rxc7 Bc5 25. Kf1 Kf8 26. Ke2 Ke8 27.
a3 Be7 28. Kd3 Rd8+ 29. Kc2 Rd7 30. Rc8+ Rd8 31. Rc6 Rd5 32. Bb8 Bd8 33. Bg3
Kd7 34. Rc3 f6 35. e4 Rd4 36. f3 e5 37. Bf2 Rd6 38. b4 a6 39. a4 b5 40. Bc5 Rc6
41. Rd3+ Ke8 42. axb5 axb5 43. Kb3 Rc7 44. Rd5 Rd7 45. Rxd7 1/2-1/2

[Event "FBL 1"]
[Site "Deutschland"]
[Date "2010.02.21"]
[Round "7.4"]
[White "Anisheva, Varvara"]
[Black "Kubikova, Alena"]
[Result "1/2-1/2"]
[WhiteElo "2155"]
[BlackElo "2123"]
[PlyCount "107"]
[EventDate "2009.11.07"]
[EventType "team"]
[EventCountry "GER"]
[WhiteTeam "SV Medizin Erfurt"]
[BlackTeam "Rodewischer Schachmiezen"]

1. e4 e6 2. d3 c5 3. g3 Nc6 4. Bg2 g6 5. c3 Bg7 6. f4 Nge7 7. Nf3 O-O 8. Be3 b6
9. Bf2 Ba6 10. O-O d6 11. Re1 Qc7 12. g4 Rad8 13. Na3 b5 14. Nc2 b4 15. d4 bxc3
16. bxc3 cxd4 17. cxd4 d5 18. e5 Rb8 19. Ne3 Nb4 20. Bf1 Bxf1 21. Rxf1 Rfc8 22.
f5 exf5 23. gxf5 Bh6 24. fxg6 hxg6 25. Ng4 Bg7 26. Bg3 Nf5 27. Bf4 Qc2 28. e6
Rb7 29. exf7+ Rxf7 30. Nfe5 Rb7 31. a3 Qxd1 32. Rfxd1 Nc6 33. Rac1 Nce7 34.
Rxc8+ Nxc8 35. Nxg6 Nxd4 36. Kh1 Kh7 37. N6e5 Ne2 38. Bg5 Nc3 39. Rd3 Ne4 40.
Bf4 Rb1+ 41. Kg2 Rb2+ 42. Kf1 Ne7 43. h4 Rb1+ 44. Kg2 Nf5 45. Nf3 Rb2+ 46. Kh3
d4 47. Ng5+ Nxg5+ 48. hxg5 Kg6 49. Nh2 a5 50. Nf3 a4 51. Nd2 Rc2 52. Ne4 Ne7
53. Bd6 Nd5 54. Kg4 1/2-1/2

[Event "FBL 1"]
[Site "Deutschland"]
[Date "2010.02.21"]
[Round "7.5"]
[White "Kubikova, Hanna"]
[Black "Grohmann, Katrin"]
[Result "1/2-1/2"]
[WhiteElo "2146"]
[BlackElo "1898"]
[PlyCount "86"]
[EventDate "2009.11.07"]
[EventType "team"]
[EventCountry "GER"]
[WhiteTeam "Rodewischer Schachmiezen"]
[BlackTeam "SV Medizin Erfurt"]

1. d4 d5 2. Nf3 g6 3. g3 Bg7 4. Bg2 Nc6 5. c3 Nf6 6. O-O O-O 7. Bf4 Re8 8. Qc1
Bg4 9. Bh6 Bh8 10. Nbd2 e5 11. dxe5 Nxe5 12. h3 Nxf3+ 13. Nxf3 Bd7 14. Be3 Qc8
15. Kh2 c5 16. Re1 b6 17. Qd2 Bc6 18. Rad1 a5 19. Qc1 Qb7 20. Kg1 Ba4 21. b3
Bc6 22. Nh4 Ne4 23. Bxe4 Rxe4 24. Nf3 Rae8 25. Ng5 R4e7 26. Nf3 Qc8 27. Kh2 Bb7
28. Qd2 Qf5 29. Bf4 Bg7 30. g4 Qc8 31. Bg3 Qc6 32. Rc1 d4 33. cxd4 Bxd4 34.
Qxd4 cxd4 35. Rxc6 Bxc6 36. Nxd4 Bb7 37. e3 Rc8 38. g5 Rc3 39. Bd6 Rd7 40. Be5
Rd3 41. Kg3 h5 42. Rc1 Kf8 43. Bf6 Rd2 1/2-1/2

[Event "FBL 1"]
[Site "Deutschland"]
[Date "2010.02.21"]
[Round "7.6"]
[White "Kube, Hannelore"]
[Black "Schulz, Anja"]
[Result "0-1"]
[WhiteElo "2001"]
[BlackElo "1996"]
[PlyCount "74"]
[EventDate "2009.11.07"]
[EventType "team"]
[EventCountry "GER"]
[WhiteTeam "SV Medizin Erfurt"]
[BlackTeam "Rodewischer Schachmiezen"]

1. c4 Nf6 2. Nc3 g6 3. g3 Bg7 4. Bg2 O-O 5. e4 d6 6. d3 c5 7. Nge2 Nc6 8. O-O
a6 9. h3 Rb8 10. Bg5 b5 11. Qd2 Ne8 12. Rab1 Nc7 13. b3 Ne6 14. Bh6 Ned4 15.
Bxg7 Kxg7 16. Nxd4 Nxd4 17. Ne2 Bxh3 18. Nxd4 Bxg2 19. Nf5+ gxf5 20. Kxg2 e6
21. Rh1 Qf6 22. Rh4 h6 23. Rbh1 Rh8 24. Qf4 e5 25. Qxf5 Qxf5 26. exf5 Rbd8 27.
Kf3 d5 28. cxd5 Rxd5 29. Ke4 Rd4+ 30. Ke3 Rd6 31. Rc1 Rhd8 32. Rxc5 Rxd3+ 33.
Ke4 f6 34. Rc7+ Kf8 35. Rc8 R3d4+ 36. Ke3 Rxc8 37. Rxd4 exd4+ 0-1